000 00308nam a22001337a 4500
008 170905b xxu||||| |||| 00| 0 eng d
020 _a9780072562965
041 _aeng
080 _28 ED
_a070
100 _a070
101 _aMED
245 _aTHE ART OF PUBLIC SPEAKERS
_cLUCAS..E.S
942 _2udc
_cBK
999 _c26087
_d26087